[Event "2nd League CS-West 2009"]
[Site "?"]
[Date "2009.09.13"]
[Round "2.1"]
[White "Tasic, Vladimir"]
[Black "Pavlovic, Dejan S"]
[Result "0-1"]
[WhiteElo "2258"]
[BlackElo "2416"]
[PlyCount "123"]
[EventDate "2009.09.06"]

1. d4 d5 2. Nf3 Nf6 3. c4 c6 4. Nc3 e6 5. Bg5 h6 6. Bxf6 Qxf6 7. e3 Nd7 8. Bd3
g6 9. O-O Bg7 10. e4 dxc4 11. Bxc4 e5 12. d5 O-O 13. Rc1 Nb6 14. Bb3 Bg4 15. h3
Bxf3 16. Qxf3 Qxf3 17. gxf3 Rfd8 18. Rfd1 Rac8 19. dxc6 bxc6 20. Rxd8+ Rxd8 21.
Na4 Rc8 22. Nxb6 axb6 23. Rd1 Rc7 24. a4 Bf8 25. Bc4 Bc5 26. Rd8+ Kg7 27. b3
Kf6 28. Kf1 Ke7 29. Rb8 Kf6 30. b4 Bd4 31. Kg2 h5 32. h4 Kg7 33. Kf1 Ra7 34.
Bb3 c5 35. b5 c4 36. Bc2 Bc5 37. Rc8 Kf6 38. Ke2 Ke7 39. Rc6 Kd7 40. f4 exf4
41. Rf6 Ke7 42. e5 Rd7 43. Rxf4 Bd4 44. Rf6 Rd5 45. Rc6 Rxe5+ 46. Kf3 Bc5 47.
Rc7+ Kf6 48. Rc6+ Ke7 49. Rc7+ Kf6 50. Rc6+ Ke7 51. Rc7+ Ke8 52. Rc6 c3 53. a5
bxa5 54. b6 Ke7 55. b7 Ba7 56. Rc8 Rb5 57. Be4 f5 58. Bc6 Rb3 59. Bd5 Rb2 60.
Ra8 Kd6 61. Rd8+ Ke5 62. Bf7 0-1

[Event "2nd League CS-West 2009"]
[Site "?"]
[Date "2009.09.13"]
[Round "2.1"]
[White "Cubrakovic, Velibor"]
[Black "Smailovic, Ramiz"]
[Result "0-1"]
[WhiteElo "2230"]
[BlackElo "2149"]
[PlyCount "88"]
[EventDate "2009.09.06"]

1. e4 d5 2. exd5 Qxd5 3. Nc3 Qd8 4. Bc4 Nf6 5. Nf3 e6 6. O-O Be7 7. Re1 O-O 8.
b3 b6 9. Qe2 c6 10. Bb2 Nd5 11. Qe4 Bf6 12. Bd3 g6 13. Ne5 Bg7 14. Ba3 Re8 15.
Rad1 Qc7 16. f4 Bb7 17. Qf3 Nd7 18. Nxd7 Qxd7 19. Ne4 c5 20. c3 f5 21. Ng5 Nxc3
22. Qf1 Nxd1 23. Rxd1 Qd4+ 24. Kh1 h6 25. Nh3 e5 26. Bc4+ Kh7 27. d3 Rad8 28.
Bc1 a5 29. fxe5 Bxe5 30. Bf4 b5 31. Bf7 Re7 32. Re1 Rf8 33. Be3 Qd6 34. b4 cxb4
35. Bb3 f4 36. Bf2 h5 37. d4 Bg7 38. Rxe7 Qxe7 39. Qxb5 Rc8 40. d5 Rc1+ 41. Ng1
Bc8 42. h3 f3 43. gxf3 Bxh3 44. Qd3 Qg5 0-1

[Event "2nd League CS-West 2009"]
[Site "?"]
[Date "2009.09.13"]
[Round "2.1"]
[White "Nikolic, Radisa D"]
[Black "Bosiljcic, Zoran"]
[Result "1/2-1/2"]
[WhiteElo "2221"]
[BlackElo "2181"]
[PlyCount "27"]
[EventDate "2009.09.06"]

1. e4 e5 2. Nf3 Nc6 3. Bb5 a6 4. Ba4 Nf6 5. O-O Be7 6. Re1 b5 7. Bb3 d6 8. h3
O-O 9. c3 Bb7 10. d4 Nb8 11. Nbd2 Nbd7 12. Bc2 Re8 13. Nf1 Bf8 14. Ng3 1/2-1/2

[Event "2nd League CS-West 2009"]
[Site "?"]
[Date "2009.09.13"]
[Round "2.1"]
[White "Pecinar, Zoran"]
[Black "Zecevic, Igor"]
[Result "1-0"]
[WhiteElo "2176"]
[BlackElo "1862"]
[PlyCount "118"]
[EventDate "2009.09.06"]

1. c4 Nf6 2. Nc3 c5 3. Nf3 Nc6 4. d4 cxd4 5. Nxd4 g6 6. e4 Bg7 7. Be3 O-O 8.
Be2 d6 9. O-O Bd7 10. f3 Nxd4 11. Bxd4 Bc6 12. Rc1 a5 13. Qd2 Nd7 14. Be3 Nc5
15. Rfd1 Qb6 16. Nb5 Rfc8 17. Nd4 Qd8 18. b3 Ne6 19. Nxe6 fxe6 20. Bd4 Qf8 21.
Be3 Qf6 22. Rc2 Qe5 23. Bf1 Rf8 24. Qe2 g5 25. Bd4 Qf4 26. Bxg7 Kxg7 27. c5
Rad8 28. cxd6 Rxd6 29. Rxd6 exd6 30. Qd2 g4 31. Qxf4 Rxf4 32. Be2 gxf3 33. gxf3
Kf6 34. Kg2 Rxe4 35. Bb5 Rg4+ 36. Kf2 Rd4 37. Ke3 Rh4 38. Bxc6 bxc6 39. Rxc6
Rxh2 40. a4 Rb2 41. Rb6 Kf5 42. Rb5+ d5 43. Kd4 h5 44. Kc3 Rf2 45. Rxa5 Rxf3+
46. Kb4 h4 47. Ra8 Ke4 48. a5 h3 49. a6 d4 50. Rh8 Rf7 51. Rxh3 d3 52. Ka5 d2
53. Rh1 Kd3 54. b4 Rf5+ 55. b5 Kc4 56. a7 Rxb5+ 57. Ka4 Rh5 58. a8=Q Rxh1 59.
Qxh1 Kd3 1-0

[Event "2nd League CS-West 2009"]
[Site "?"]
[Date "2009.09.13"]
[Round "2.3"]
[White "Milosevic, Zoran"]
[Black "Rizovic, Sefcet"]
[Result "1-0"]
[WhiteElo "2302"]
[BlackElo "2012"]
[PlyCount "101"]
[EventDate "2009.09.06"]

1. d4 d5 2. c4 e6 3. Nc3 Nf6 4. Nf3 Be7 5. Bg5 Nc6 6. e3 h6 7. Bh4 O-O 8. Rc1
Bd7 9. Bd3 dxc4 10. Bxc4 Re8 11. O-O a6 12. a3 b5 13. Bd3 b4 14. Bxf6 gxf6 15.
Ne4 bxa3 16. bxa3 Bxa3 17. Ra1 Bf8 18. Bxa6 Nb4 19. Bc4 Rxa1 20. Qxa1 Bc6 21.
d5 Nc2 22. Nxf6+ Kh8 23. Qc3 Bg7 24. Qxc2 Qxf6 25. dxc6 Rg8 26. Ba2 Bf8 27. Bb1
Rg7 28. Qe4 h5 29. Rd1 Bd6 30. Qh4 Qxh4 31. Nxh4 Rg5 32. Be4 Kg7 33. f4 Rc5 34.
g3 Kf6 35. Nf3 Rc3 36. Kf2 Bc5 37. Nd4 e5 38. fxe5+ Kxe5 39. Bf3 h4 40. gxh4 f5
41. Ke2 Ra3 42. Nxf5 Ra2+ 43. Kf1 Bb6 44. Rd5+ Kf6 45. Rb5 Ke6 46. h5 Ra4 47.
h6 Ra2 48. h4 Kf6 49. Rxb6 cxb6 50. c7 Rc2 51. Nd6 1-0

[Event "2nd League CS-West 2009"]
[Site "?"]
[Date "2009.09.13"]
[Round "2.3"]
[White "Milosavljevic, Milisav"]
[Black "Bojanic, Bratislav"]
[Result "1-0"]
[WhiteElo "2196"]
[BlackElo "2241"]
[PlyCount "103"]
[EventDate "2009.09.06"]

1. c4 Nf6 2. Nf3 g6 3. g3 Bg7 4. Bg2 O-O 5. O-O d6 6. d4 c5 7. dxc5 dxc5 8. Ne5
Nfd7 9. Nxd7 Nxd7 10. Nc3 Ne5 11. Qb3 Be6 12. Nd5 Bxd5 13. cxd5 Qb6 14. Bg5
Rfe8 15. Rac1 c4 16. Qa3 Qd6 17. Qa5 h6 18. Bf4 Red8 19. Qd2 g5 20. Be3 b5 21.
Bd4 Rab8 22. e4 Nd3 23. Bxg7 Nxc1 24. e5 Qg6 25. Bxh6 Qxh6 26. Rxc1 Qg6 27. Re1
Kg7 28. Be4 Qh5 29. Qd4 Rh8 30. e6+ Kf8 31. d6 fxe6 32. dxe7+ Kxe7 33. Qxa7+
Kf6 34. Qd4+ Kf7 35. Qd7+ Kf6 36. Bg2 Qxh2+ 37. Kf1 Rbe8 38. Qxb5 Qh7 39. Qe5+
Kf7 40. Qxg5 Qd3+ 41. Kg1 Reg8 42. Qf4+ Ke7 43. Be4 Qd6 44. Qc1 Rxg3+ 45. Kf1
Rgh3 46. Qg5+ Kd7 47. Ke2 R3h5 48. Qg7+ Qe7 49. Rd1+ Rd5 50. Qxh8 Rxd1 51. Kxd1
Qd6+ 52. Ke2 1-0

[Event "2nd League CS-West 2009"]
[Site "?"]
[Date "2009.09.13"]
[Round "2.3"]
[White "Drcelic, Sreten"]
[Black "Milosavljevic, Zoran"]
[Result "1/2-1/2"]
[WhiteElo "2223"]
[BlackElo "2219"]
[PlyCount "21"]
[EventDate "2009.09.06"]

1. e4 c5 2. d3 e6 3. c3 g6 4. g3 Bg7 5. Bg2 Nc6 6. f4 Nge7 7. Nf3 d6 8. O-O O-O
9. Kh1 Rb8 10. Be3 b6 11. Nbd2 1/2-1/2

[Event "2nd League CS-West 2009"]
[Site "?"]
[Date "2009.09.13"]
[Round "2.3"]
[White "Ikic, Alija"]
[Black "Sredojevic, Srdjan"]
[Result "1/2-1/2"]
[WhiteElo "2139"]
[BlackElo "2153"]
[PlyCount "126"]
[EventDate "2009.09.06"]

1. d3 d5 2. Nf3 Nf6 3. g3 Bg4 4. Bg2 Nbd7 5. c4 c6 6. O-O e6 7. Nbd2 Be7 8. b3
O-O 9. Bb2 Re8 10. Rc1 Bf8 11. Rc2 h6 12. a3 Rc8 13. Qa1 c5 14. Re1 d4 15. b4
e5 16. h3 Bh5 17. g4 Bg6 18. Nh4 Bh7 19. Nf5 Rb8 20. Ng3 cxb4 21. axb4 Bxb4 22.
Qxa7 Nc5 23. Qa1 Bxd2 24. Rxd2 Nb3 25. Qd1 Nxd2 26. Qxd2 Qe7 27. Qa5 Ra8 28.
Qb5 Qc7 29. Rb1 e4 30. Bxd4 exd3 31. exd3 Bxd3 32. Rc1 Qf4 33. Qb2 Bg6 34. Bxf6
gxf6 35. c5 Ra2 36. Qxa2 Qxc1+ 37. Kh2 Qxc5 38. Bxb7 Rb8 39. Be4 Bxe4 40. Nxe4
Qe5+ 41. Ng3 Rd8 42. Qc2 Qf4 43. Kg2 Qd2 44. Qxd2 Rxd2 45. Ne4 Ra2 46. Nxf6+
Kg7 47. Ne4 Kg6 48. Ng3 Kg5 49. Nf5 h5 50. Ne3 h4 51. Nf5 Ra5 52. Nd4 Kf4 53.
Ne2+ Ke4 54. Nc3+ Kd3 55. Nd1 f5 56. Ne3 f4 57. Nf5 Ke4 58. Nxh4 Ra3 59. g5 Ra5
60. Nf3 Kf5 61. h4 Kg4 62. g6 Ra8 63. Ne5+ Kxh4 1/2-1/2

[Event "2nd League CS-West 2009"]
[Site "?"]
[Date "2009.09.13"]
[Round "2.4"]
[White "Stojanovic, Dobrisav"]
[Black "Milosevic, Boban"]
[Result "0-1"]
[WhiteElo "2331"]
[BlackElo "2271"]
[PlyCount "120"]
[EventDate "2009.09.06"]

1. d4 d5 2. c4 e6 3. Nc3 Nf6 4. Bg5 Be7 5. e3 Nbd7 6. Rc1 c6 7. Nf3 O-O 8. Bd3
a6 9. O-O dxc4 10. Bxc4 c5 11. Qe2 b5 12. Bd3 Bb7 13. Rfd1 c4 14. Bb1 Nd5 15.
Bxe7 Qxe7 16. e4 Nxc3 17. bxc3 f6 18. Qe3 Rac8 19. a4 Rfd8 20. Bc2 Nf8 21. Rb1
Bc6 22. Ra1 Qe8 23. Rdb1 Rb8 24. Nd2 Rdc8 25. h3 Nd7 26. axb5 axb5 27. Ra6 Nf8
28. Nf1 Ra8 29. Rxa8 Rxa8 30. Qd2 Qd8 31. d5 exd5 32. exd5 Qxd5 33. Qxd5+ Bxd5
34. Rxb5 Be6 35. Ne3 Ra3 36. Nd1 Nd7 37. f4 g6 38. Kf2 Kf8 39. Ke3 Ke7 40. Kd4
Ra6 41. Be4 Rd6+ 42. Bd5 Nb6 43. Ne3 h5 44. g4 f5 45. g5 h4 46. Ra5 Bxd5 47.
Ra7+ Ke6 48. Rg7 Bc6+ 49. Kc5 Be8 50. Rb7 Nd5 51. Nxc4 Rc6+ 52. Kd4 Nxf4 53.
Na5 Rd6+ 54. Kc5 Nd3+ 55. Kc4 Ne5+ 56. Kc5 Rd5+ 57. Kb4 f4 58. c4 Rd7 59. Nb3
f3 60. Rb8 Nc6+ 0-1

[Event "2nd League CS-West 2009"]
[Site "?"]
[Date "2009.09.13"]
[Round "2.4"]
[White "Rancic, Zoran"]
[Black "Marcetic, Predrag"]
[Result "0-1"]
[WhiteElo "2219"]
[BlackElo "2199"]
[PlyCount "89"]
[EventDate "2009.09.06"]

1. d4 d6 2. c4 e5 3. d5 f5 4. Nc3 Nf6 5. Bg5 Nbd7 6. e4 Nc5 7. Nge2 fxe4 8. Ng3
Nd3+ 9. Bxd3 exd3 10. Qxd3 Be7 11. Bd2 O-O 12. f3 Qe8 13. O-O-O Nh5 14. Rde1
Bh4 15. Nce4 Qg6 16. Re3 Nf4 17. Qf1 b5 18. Rc3 bxc4 19. Bxf4 exf4 20. Ne2 Bb7
21. g3 fxg3 22. hxg3 Bg5+ 23. Nxg5 Qxg5+ 24. Nf4 Rxf4 25. gxf4 Qxf4+ 26. Kb1
Bxd5 27. Qh3 h6 28. Rg1 Rf8 29. Rg3 Re8 30. Rg1 Be6 31. Qg2 Bf5+ 32. Ka1 Qd4
33. Rxc4 Re1+ 34. Rxe1 Qxc4 35. Qf2 c5 36. Qe3 Kh7 37. Qe7 Qd3 38. f4 Qd4 39.
Rf1 c4 40. Qe1 d5 41. Qg3 Bd3 42. Rc1 a5 43. a3 a4 44. Qf3 Qe4 45. Qf2 0-1

[Event "2nd League CS-West 2009"]
[Site "?"]
[Date "2009.09.13"]
[Round "2.4"]
[White "Dolovic, Dusko"]
[Black "Avramovic, Zoran"]
[Result "0-1"]
[WhiteElo "2197"]
[BlackElo "2238"]
[PlyCount "98"]
[EventDate "2009.09.06"]

1. Nf3 d5 2. d4 e6 3. c4 c6 4. e3 Bd6 5. Be2 Nd7 6. Nc3 f5 7. Qc2 Nh6 8. Bd2
O-O 9. Na4 Ng4 10. Bd3 Ngf6 11. cxd5 cxd5 12. Ng5 Qe7 13. f4 Ne4 14. Nxe4 fxe4
15. Be2 a6 16. Rc1 b6 17. O-O Bb7 18. Qb3 b5 19. Ba5 bxa4 20. Qxb7 Rab8 21. Qa7
Rxb2 22. Bg4 Rbb8 23. Bc7 Rbc8 24. Bxd6 Qxd6 25. Qb7 Nb6 26. Rxc8 Rxc8 27. Rb1
Rc6 28. Qxa6 Qc7 29. h3 Kf7 30. h4 Kf6 31. h5 Nc4 32. Qa8 Nxe3 33. Bh3 Rc1+ 34.
Rxc1 Qxc1+ 35. Kh2 Nf1+ 36. Kg1 Nd2+ 37. Kh2 Nf1+ 38. Kg1 Ne3+ 39. Kh2 Qc7 40.
Qf8+ Qf7 41. Qd8+ Qe7 42. Qg8 Qd6 43. g3 Nf5 44. Bxf5 exf5 45. Qxh7 Qf8 46.
Qg6+ Ke7 47. Qc6 Qd8 48. Qg6 Qf8 49. Qc6 Qf7 0-1

[Event "2nd League CS-West 2009"]
[Site "?"]
[Date "2009.09.13"]
[Round "2.4"]
[White "Mircic, Ivan"]
[Black "Vasic, Vladimir"]
[Result "1/2-1/2"]
[WhiteElo "2242"]
[BlackElo "2180"]
[PlyCount "72"]
[EventDate "2009.09.06"]

1. Nf3 c5 2. c4 Nc6 3. g3 Nf6 4. Bg2 d5 5. cxd5 Nxd5 6. Nc3 Nc7 7. O-O e5 8. d3
Be7 9. a3 Be6 10. Rb1 f6 11. Ne1 Qd7 12. Be3 Nd5 13. Nxd5 Bxd5 14. Bxd5 Qxd5
15. Qa4 O-O 16. Nf3 f5 17. b4 cxb4 18. axb4 f4 19. Bc5 Bxc5 20. bxc5 fxg3 21.
hxg3 Rxf3 22. exf3 Nd4 23. Qc4 Nxf3+ 24. Kg2 Qxc4 25. dxc4 Nd2 26. Rxb7 Nxf1
27. c6 Rc8 28. c7 Kf7 29. Kxf1 Ke7 30. Rxa7 Kd6 31. Ke2 Kc5 32. Kd3 Kb6 33. Ra2
Rxc7 34. Rb2+ Kc6 35. Ke4 Kc5 36. Rc2 Re7 1/2-1/2

[Event "2nd League CS-West 2009"]
[Site "?"]
[Date "2009.09.13"]
[Round "2.4"]
[White "Djokovic, Nebojsa"]
[Black "Trpkovic, Miroljub"]
[Result "1-0"]
[WhiteElo "2162"]
[BlackElo "2029"]
[PlyCount "47"]
[EventDate "2009.09.06"]

1. e4 c5 2. Nc3 Nc6 3. g3 d6 4. Bg2 Nf6 5. Nge2 e5 6. O-O Be7 7. h3 O-O 8. f4
exf4 9. Nxf4 Be6 10. d3 Qd7 11. Be3 Rad8 12. Qe2 Rfe8 13. Qf2 Ne5 14. g4 Nfxg4
15. hxg4 Nxg4 16. Qg3 Nxe3 17. Qxe3 Bf6 18. Qg3 Bd4+ 19. Kh1 Be5 20. Rad1 Bg4
21. Bf3 Bh3 22. Qxh3 f5 23. exf5 h6 24. Bd5+ 1-0

[Event "2nd League CS-West 2009"]
[Site "?"]
[Date "2009.09.13"]
[Round "2.5"]
[White "Sandic, Vladeta"]
[Black "Djuric, Zoran"]
[Result "1-0"]
[WhiteElo "2338"]
[BlackElo "2219"]
[PlyCount "87"]
[EventDate "2009.09.06"]

1. d4 d5 2. c4 e6 3. Nc3 Nf6 4. cxd5 exd5 5. Bg5 c6 6. e3 h6 7. Bh4 Nbd7 8. Qc2
Qa5 9. Bd3 b5 10. Nf3 b4 11. Qa4 Qxa4 12. Nxa4 g5 13. Bg3 Nb6 14. Bc2 Ba6 15.
Nc5 Bxc5 16. dxc5 Nbd7 17. Bd6 Kd8 18. h4 g4 19. Nd4 Bb7 20. a3 Ne8 21. Nf5
bxa3 22. Rxa3 Nxd6 23. Nxd6 Kc7 24. Nxf7 Nxc5 25. Nxh8 Rxh8 26. O-O Kb6 27. b4
Na6 28. Rb1 Nc7 29. Bd3 Bc8 30. Kh2 h5 31. Kg3 Rf8 32. Rba1 a6 33. e4 dxe4 34.
Bxe4 Bf5 35. Bxf5 Rxf5 36. Ra5 Rd5 37. Rxd5 Nxd5 38. Ra5 Nxb4 39. Rxh5 a5 40.
Re5 a4 41. h5 a3 42. h6 a2 43. Re1 Nd3 44. Ra1 1-0

[Event "2nd League CS-West 2009"]
[Site "?"]
[Date "2009.09.13"]
[Round "2.5"]
[White "Ilic, Zdravko"]
[Black "Nikolic, Dragovan"]
[Result "0-1"]
[WhiteElo "2216"]
[BlackElo "2290"]
[PlyCount "80"]
[EventDate "2009.09.06"]

1. e4 c5 2. Nf3 Nc6 3. c3 Nf6 4. e5 Nd5 5. d4 cxd4 6. cxd4 e6 7. Nc3 Nxc3 8.
bxc3 d6 9. exd6 Bxd6 10. Bd3 Qa5 11. Bd2 Qh5 12. h3 O-O 13. g4 Qa5 14. Qc2 h6
15. g5 hxg5 16. Nxg5 e5 17. Bc4 e4 18. d5 Ne7 19. Qxe4 Bf5 20. Qf3 Rac8 21. Bd3
Rfe8 22. O-O Bxd3 23. Qxd3 Qxd5 24. Qh7+ Kf8 25. Qh8+ Ng8 26. Rfe1 f6 27. Red1
Qf5 28. Be3 Rxe3 29. Nh7+ Kf7 30. fxe3 Ne7 31. Nf8 Qg5+ 32. Kh1 Rxf8 33. Qh7
Nf5 34. Rxd6 Nxd6 35. Rd1 Rd8 36. c4 Qg6 37. Qh4 Nf5 38. Qe1 Nxe3 39. Rd2 Rxd2
40. Qxd2 Qb1+ 0-1

[Event "2nd League CS-West 2009"]
[Site "?"]
[Date "2009.09.13"]
[Round "2.5"]
[White "Dragicevic, Dragan"]
[Black "Rikalovic, Milan"]
[Result "1-0"]
[WhiteElo "2199"]
[BlackElo "2058"]
[PlyCount "57"]
[EventDate "2009.09.06"]

1. d4 d5 2. c4 c6 3. Nc3 Nf6 4. Nf3 e6 5. e3 Bd6 6. Bd3 O-O 7. O-O Nbd7 8. e4
dxe4 9. Nxe4 Nxe4 10. Bxe4 Nf6 11. Bc2 h6 12. Re1 Re8 13. b3 b6 14. Bb2 Bb7 15.
Qd3 Qc7 16. Ne5 Red8 17. Qe2 Bxe5 18. dxe5 Nh7 19. Bc3 c5 20. Qg4 Qe7 21. Re3
Kh8 22. Rg3 Rg8 23. f4 Rad8 24. Rf1 Bc8 25. Qh5 Bb7 26. f5 Rde8 27. f6 gxf6 28.
exf6 Qf8 29. Rg7 1-0

[Event "2nd League CS-West 2009"]
[Site "?"]
[Date "2009.09.13"]
[Round "2.6"]
[White "Raicevic, Momcilo"]
[Black "Kostic, Vladimir G"]
[Result "0-1"]
[WhiteElo "2362"]
[BlackElo "2430"]
[PlyCount "99"]
[EventDate "2009.09.06"]

1. c4 e6 2. Nf3 d5 3. g3 c6 4. b3 Nf6 5. Bg2 Nbd7 6. O-O Bd6 7. Bb2 O-O 8. d3
Qe7 9. Nc3 Ba3 10. Bxa3 Qxa3 11. Qc2 Re8 12. Rfe1 a6 13. cxd5 exd5 14. e4 dxe4
15. dxe4 Qc5 16. Qb2 Ne5 17. Na4 Nxf3+ 18. Bxf3 Qa5 19. Rad1 Bg4 20. Bxg4 Nxg4
21. Qe2 Nf6 22. f3 h6 23. Qf2 Qb4 24. Qc5 a5 25. Kf2 Red8 26. Rxd8+ Rxd8 27.
Qb6 Qxb6+ 28. Nxb6 g5 29. h4 Kf8 30. Ke3 g4 31. fxg4 Nxe4 32. Kf4 Nc5 33. Re2
Rd3 34. Rg2 Ne6+ 35. Ke4 Rd4+ 36. Kf3 c5 37. Rb2 Rd3+ 38. Kg2 Rd4 39. Kf3 Rd6
40. Nc4 Rd4 41. Ne3 Rd8 42. Nf5 b5 43. Rc2 Rd3+ 44. Ke4 Rd8 45. Nxh6 Rd4+ 46.
Ke3 c4 47. Rb2 Rd3+ 48. Ke4 Nc5+ 49. Ke5 Rd8 50. Rc2 0-1

[Event "2nd League CS-West 2009"]
[Site "?"]
[Date "2009.09.13"]
[Round "2.6"]
[White "Ilic, Dragan M"]
[Black "Jovanovic, Nenad R"]
[Result "1/2-1/2"]
[WhiteElo "2360"]
[BlackElo "2324"]
[PlyCount "87"]
[EventDate "2009.09.06"]

1. d4 Nf6 2. c4 e6 3. Nc3 Bb4 4. e3 Nc6 5. Qc2 d5 6. Nf3 O-O 7. a3 Bxc3+ 8.
Qxc3 a5 9. b3 Bd7 10. Bb2 a4 11. b4 dxc4 12. Bxc4 Na7 13. O-O Bb5 14. Rac1 c6
15. Ne5 Ne4 16. Qc2 Nd6 17. Bd3 f5 18. f3 Nac8 19. e4 Nb6 20. Qe2 fxe4 21. fxe4
Qh4 22. d5 exd5 23. Bxb5 Nxb5 24. Qe3 Nc4 25. Rxf8+ Rxf8 26. Nxc4 dxc4 27. Rxc4
Qf4 28. Qe2 Rd8 29. Rc2 Qd6 30. Qc4+ Kh8 31. Rf2 Rf8 32. Rxf8+ Qxf8 33. Qe6 Nd6
34. h4 Nf7 35. Qd7 Kg8 36. Qxb7 Qd8 37. Qa7 h5 38. Qd4 Qf8 39. e5 Nh6 40. Qc4+
Kh8 41. Qxc6 Ng4 42. Qf3 Qe7 43. g3 Qe6 44. Qe2 1/2-1/2

[Event "2nd League CS-West 2009"]
[Site "?"]
[Date "2009.09.13"]
[Round "2.6"]
[White "Lukic, Dragan M"]
[Black "Gosic, Bogdan"]
[Result "1/2-1/2"]
[WhiteElo "2258"]
[BlackElo "2336"]
[PlyCount "65"]
[EventDate "2009.09.06"]

1. e4 e5 2. Nf3 Nc6 3. Bb5 a6 4. Bxc6 dxc6 5. O-O f6 6. d4 exd4 7. Nxd4 c5 8.
Ne2 Qxd1 9. Rxd1 Bd7 10. Nbc3 O-O-O 11. Be3 Re8 12. Rd2 Bc6 13. Rad1 b6 14. a4
a5 15. Bf4 Ne7 16. Nb5 Ng6 17. Bg3 Bxb5 18. axb5 Be7 19. Nc3 Bd8 20. f3 h5 21.
h3 Nf8 22. Nd5 Ne6 23. c3 g5 24. Ne3 Rh7 25. Kf2 Rf7 26. Rd5 h4 27. Bh2 Nf8 28.
Nc4 Rd7 29. Rxd7 Nxd7 30. Rd5 Nf8 31. Ne3 Ng6 32. Ng4 Ne7 33. Nxf6 1/2-1/2

[Event "2nd League CS-West 2009"]
[Site "?"]
[Date "2009.09.13"]
[Round "2.6"]
[White "Palosevic, Abidin"]
[Black "Zivkovic, Vladislav"]
[Result "1/2-1/2"]
[WhiteElo "2203"]
[BlackElo "2228"]
[PlyCount "58"]
[EventDate "2009.09.06"]

1. d4 d5 2. Nf3 Nf6 3. c4 e6 4. Nc3 Nbd7 5. Bg5 c6 6. e3 Qa5 7. Bxf6 Nxf6 8.
Qb3 Bb4 9. Bd3 O-O 10. O-O dxc4 11. Bxc4 c5 12. Rac1 cxd4 13. Nxd4 Bd7 14. a3
Bxc3 15. Qxc3 Qxc3 16. Rxc3 a6 17. Rfc1 Rfc8 18. Be2 Ne4 19. Rxc8+ Rxc8 20.
Rxc8+ Bxc8 21. Kf1 Kf8 22. Nb3 b6 23. Bd3 Nd6 24. Ke2 Bb7 25. f3 e5 26. Nd2 Ke7
27. e4 a5 28. Nc4 Nxc4 29. Bxc4 Kd7 1/2-1/2

[Event "2nd League CS-West 2009"]
[Site "?"]
[Date "2009.09.13"]
[Round "2.6"]
[White "Novakovic, Slobodan"]
[Black "Nesic, Dragisa"]
[Result "1/2-1/2"]
[WhiteElo "2208"]
[BlackElo "2135"]
[PlyCount "114"]
[EventDate "2009.09.06"]

1. c4 Nf6 2. Nc3 e5 3. Nf3 Nc6 4. d4 exd4 5. Nxd4 Bb4 6. Nc2 Bxc3+ 7. bxc3 O-O
8. e3 d6 9. Be2 Ne4 10. Bb2 Qf6 11. Bf3 Nc5 12. Nd4 Ne5 13. Be2 Qg6 14. Kf1 f5
15. f3 Bd7 16. Nb5 Rf7 17. Ba3 Bc6 18. Qd4 b6 19. Qf4 a6 20. Nd4 Bb7 21. h4 Re8
22. Rd1 Na4 23. Rc1 c5 24. Nb3 Qf6 25. h5 Rfe7 26. Rc2 Bc8 27. Kf2 Nf7 28. Bc1
Re5 29. Bd2 Qe7 30. Nc1 Re6 31. Nd3 Rf6 32. Nb2 Bd7 33. Nxa4 Bxa4 34. Rb2 Rb8
35. Rhb1 Qc7 36. Bd3 Bd7 37. Be2 Ne5 38. Rh1 h6 39. Qh4 Be6 40. Rhb1 f4 41.
exf4 Nxc4 42. Bxc4 Bxc4 43. Re1 b5 44. g4 Rbf8 45. f5 d5 46. Qg3 Qxg3+ 47. Kxg3
d4 48. cxd4 cxd4 49. Bb4 Rc8 50. Re5 Bf7 51. Rd2 Rc4 52. a3 Rfc6 53. Re4 a5 54.
Bxa5 Rd6 55. Bb4 Rd8 56. Re5 Be8 57. Re7 Bc6 1/2-1/2